000 00769nam a2200217 a 4500
001 BRCA_1363
005 20190320203407.0
008 021030s2000 mx-a---##b---#000-0#spa-#
020 _a9706970282
040 _aDLC
_cDLC
050 4 _aNK8428
_b.S26 2000
100 1 _aSánchez Balderas, Fabiola
_94463
245 1 0 _aCruces de hierro forjado
_barte popular de San Cristóbal de las Casas
_cFabiola Sánchez Balderas.
260 _aTuxtla Gutiérrez, Chiapas
_bConsejo Estatal para la Cultura y las Artes de Chiapas : Libros de Chiapas
_c2000
300 _a58 p.
_bil.
_c22 cm.
440 0 _aHistoria e Historiografía
_94464
504 _aBibliografía : p. 57-58
650 1 4 _aCruces
_zMéxico
_94465
650 1 4 _aSimbolismo cristiano
_zMéxico
_94466
942 _2lcc
_cB
999 _c1225
_d1225